| 000 | 00000nam##2200000za#4500 |
| 001 | 9.579439 |
| 003 | CaOODSP |
| 005 | 20220803120235 |
| 007 | cr ||||||||||| |
| 008 | 150406|2014||||xxc|||||o f|0| 0 eng|d |
| 020 | |a978-1-100-23487-8 |
| 040 | |aCaOODSP|beng |
| 043 | |an-cn--- |
| 086 | 1 |aEn3-4/62-2014E-PDF |
| 110 | 1 |aCanada. |bDepartment of Fisheries and Oceans. |
| 245 | 10|aRecovery strategy for the North Atlantic Right Whale (Eubalaena glacialis) in Canadian waters |h[electronic resource] |
| 260 | |aOttawa - Ontario : |bFisheries and Oceans Canada |c2014. |
| 300 | |a79p.|bfigs., references, tables |
| 490 | 1 |aSpecies at Risk Act recovery strategy series |
| 500 | |aThe catalogue number (E3-4/62-2008E-PDF) and ISBN (978-1-100-10404-1) of a previous edition (2008) are copied in this edition. |
| 590 | |a15-02|b2015-01-09 |
| 775 | 08|tProgramme de rétablissement de la baleine noire (Eubalaena glacialis) de l'Atlantique Nord dans les eaux canadiennes de l'Atlantique |w(CaOODSP)9.606889 |
| 830 | #0|aSpecies at Risk Act recovery strategy series.|w(CaOODSP)9.505071 |
| 856 | 40|ahttp://publications.gc.ca|qPDF|s1.28 MB|uhttps://publications.gc.ca/collections/collection_2015/mpo-dfo/En3-4-62-2014-eng.pdf |